MDQL
is popping MORE tags! Check the
thread
!
Quizzes
Events
Quiz Creation
Community
Videos
Private Events
Remove Ads
Sign In
Join for FREE
Feedback
Dark Mode
Quiz Categories
Sports
Geography
Music
Movies
Television
Just For Fun
Miscellaneous
History
Literature
Language
Science
Gaming
Entertainment
Religion
Holiday
For Kids
Quiz Lab
Recent
Popular Today
Quiz Kudos Today
Editor Picks
Curator Picks
Quizzes by...
Day
Popularity
Type
Ratings
Length
Year
Community
Subscriptions
Recent Discussions
Orange Saloon
Badges
Playlists
Quests
Create
Leaderboards
Showdown
Live 5
Trivia Bingo
Activity
Puzzle Library
Sporcle Events
Private Events
Virtual Trivia
Globe League
Become a Host
Pub Owners
SporcleCon
Opinionation
Our Games
Videos
Blog
Mobile Apps
Partnerships
Remove Ads and Go Orange
Feedback
Movies
Disney
Marvel Cinematic Universe
Movie Resume
Movie Titles
Oscar
Actor
Actress
Director
Pixar
Role
Movie Quotes
Movie Characters
Box Office
Nominee
Best Picture
Star Wars
James Bond
Horror Movies
Movies
Disney
Marvel Cinematic Universe
Movie Resume
Movie Titles
Oscar
Actor
Actress
Director
Pixar
Role
Movie Quotes
Movie Characters
Box Office
Nominee
Best Picture
Star Wars
James Bond
Horror Movies
Random Quiz
Search Sporcle
×
Quiz Lab
Quiz Lab
Movies
Nominee
Type in answers that appear in a list
Type in answers that appear in a list
Classic
Best Score? Go Orange.
2005 Oscar Nominees (All Categories) Stats
Can you name the all the Nominees of 2004 that were nominated at the 2005 Oscars?
By
court4390
16m
112 Questions
930 Plays
930 Plays
930 Plays
Comments
Comments
Give Quiz Kudos
Give Quiz Kudos
-
- Ratings
hide this ad
Replay
Link that replays current quiz
Next Quiz
Link to next quiz in quiz playlist
You Got
0%
They Got
Avg Score
52%
Avg Friend Score
Upgrade to see
Score Distribution
Jump to the score distribution portion of the page
Score
0/112
Timer
16:00
0
Plays Today
% Correct
*Million Dollar Baby*
97.4%
Million Dollar Baby (Paul Haggis)
97.4%
Million Dollar Baby
97.4%
*Clint Eastwood* (Million Dollar Baby)
97.1%
Clint Eastwood (Million Dollar Baby)
97.1%
*Hilary Swank* (Million Dollar Baby)
95.8%
The Aviator
95.7%
The Aviator (John Logan)
95.7%
*The Aviator*
95.7%
*The Aviator*
95.7%
*The Aviator*
95.7%
*The Aviator*
95.7%
The Aviator
95.7%
*Cate Blanchett* (The Aviator)
93.9%
*Morgan Freeman* (Million Dollar Baby)
93.9%
Leonardo DiCaprio (The Aviator)
93%
Ray
91.2%
Martin Scorsese (The Aviator)
91.2%
Ray
91.2%
Ray
91.2%
*Ray*
91.2%
*Jamie Foxx* (Ray)
90.8%
Jamie Foxx (Collateral)
90.8%
Kate Winslet (Eternal Sunshine of the Spotless Mind)
88.1%
Finding Neverland
85.1%
Finding Neverland (David Magee)
85.1%
Finding Neverland
85.1%
Finding Neverland
85.1%
Finding Neverland
85.1%
*Finding Neverland*
85.1%
Johnny Depp (Finding Neverland)
83.9%
Sideways
83.3%
*Sideways* (Alexander Payne, Jim Taylor)
83.3%
*Eternal Sunshine of the Spotless Mind* (Charlie Kaufman, Michel Gondry, Pierre Bismuth)
82.8%
Alan Alda (The Aviator)
78.5%
Thomas Haden Church (Sideways)
77.6%
Alexander Payne (Sideways)
77.4%
Virginia Madsen (Sideways)
73.3%
% Correct
Don Cheadle (Hotel Rwanda)
72.3%
Annette Bening (Being Julia)
70.6%
The Incredibles (Brad Bird)
70.6%
*The Incredibles*
70.6%
The Incredibles
70.6%
*The Incredibles*
70.6%
Taylor Hackford (Ray)
69.8%
Hotel Rwanda (Terry George)
68.4%
Natalie Portman (Closer)
67.2%
Clive Owen (Closer)
66.3%
Collateral
64.9%
Imelda Staunton (Vera Drake)
63.4%
Vera Drake (Mike Leigh)
63%
Mike Leigh (Vera Drake)
62.8%
Laura Linney (Kinsey)
58.1%
Catalina Sandino Moreno (Maria Full of Grace)
58%
Sophie Okonedo (Hotel Rwanda)
58%
*Spider-Man 2*
51.7%
Spider-Man 2
51.7%
Spider-Man 2
51.7%
Shrek 2
51.2%
'Accidentally In Love' (Shrek 2)
51.2%
Harry Potter and the Prisoner of Azkaban
45.6%
Harry Potter and the Prisoner of Azkaban
45.6%
*'Al Otro Lado Del Río'* (Diarios de motocicleta)
43.3%
Diarios de motocicleta (Jose Rivera)
42.3%
The Phantom of the Opera
37.6%
The Phantom of the Opera
37.6%
'Learn To Be Lonely' (The Phantom of the Opera)
37.6%
The Passion of the Christ
36.7%
The Passion of the Christ
36.7%
The Passion of the Christ
36.7%
The Polar Express
36.3%
The Polar Express
36.3%
'Believe' (The Polar Express)
36.3%
*The Sea Inside* (Spain)
35.5%
Mar adentro (The Sea Inside)
34.8%
Lemony Snicket's A Series of Unfortunate Events
34.4%
% Correct
Lemony Snicket's A Series of Unfortunate Events
34.4%
*Lemony Snicket's A Series of Unfortunate Events*
34.4%
Lemony Snicket's A Series of Unfortunate Events
34.4%
Shark Tale
33.5%
Before Sunset (Richard Linklater, Kim Krizan, Julie Delpy, Ethan Hawke)
33%
Shi mian mai fu (House of Flying Daggers)
28.4%
Troy
27.2%
I, Robot
27.1%
The Chorus (France)
25.2%
Downfall (Germany)
24.3%
The Village
21.7%
Un long dimanche de fiancailles (A Very Long Engagement)
21.4%
Un long dimanche de fiancailles (A Very Long Engagement)
21.4%
'Look To Your Path (Vois Sur Ton Chemin)' (Les choristes)
18.6%
As It Is in Heaven (Sweden)
11.5%
*Born Into Brothels: Calcutta's Red Light Kids*
11.4%
Yesterday (South Africa)
11%
Super Size Me
8.1%
*Ryan*
4.4%
*Wasp*
3.5%
Two Cars, One Night
3.4%
Autism Is a World
3.2%
Tupac: Resurrection
3.1%
Die Geschichte vom weinenden Kamel (The Story of the Weeping Camel)
2.9%
Twist of Faith
2.8%
Hardwood
2.8%
Birthday Boy
2.8%
Lorenzo
2.8%
*Mighty Times: The Children's March*
2.7%
Gopher Broke
2.7%
Sister Rose's Passion
2.6%
Everything in This Country Must
2.6%
Little Terrorist
2.6%
7:35 de la mañana (7:35 in the Morning)
2.6%
Guard Dog
2.6%
The Children of Leningradsky
2.5%
Quiz Playlist
Details
Report
Send in Message
Add To Playlist
Classic:
Type in answers that appear in a list
Quiz Source
Last Updated: Feb 16, 2017
Quiz Scoreboard
CHALLENGE
Sign Up to Join the Scoreboard
Show All
Scores
Hide
Comments
May contain spoilers
Recently Published
1-10 Letter E Words III
by El_Dandy
Language
2m
Street Fighter Characters
by Artimus82
Gaming
60s
College Basketball Coaching Resumes
by pancakes188
Sports
9m
More to Explore
Quiz From the Vault
Featured Blog Post
Where Did the Easter Bunny Come From?
hide this ad
You Might Also Like...
Tags
Nominee Quiz
Oscar Quiz
2005
Category
Today's Top Quizzes in Movies
Browse Movies
hide this ad
Today's Top Quizzes in Nominee
Browse Nominee
Top Contributed Quizzes in Movies
1
Pick 5 Posters: Directed by Spielberg
2
7-to-1: Pixar Characters
3
Hidden Star Wars Character II
4
Hidden Star Wars Character III
5
Pick 5 Posters: Lowest-Rated Spielberg
6
Hidden Star Wars Character IV
7
Sorting Actresses
8
Sorting Actors
9
Hidden Star Wars Character V
10
Pick 5 Posters: Directed by Scorsese
Explore More
Trending Topics
Crossword
Disney
Kpop
Marvel
Harry Potter
Anime
NBA
NFL
Soccer
Pokémon
Song
The Office
Puzzle
Country
WWE
hide this ad
More By:
court4390
Quiz
Plays
Rating
Category
Featured
Created
100 Popular Baby Girl Names of 2000 (US)
1,258
4.44
Miscellaneous
May 13, 2010
2008 Oscar Nominees (All Categories)
1,006
5.00
Movies
Apr 23, 2010
100 Popular Baby Boy Names of 2000 (US)
994
4.50
Miscellaneous
May 13, 2010
2007 Oscar Nominees (All Categories)
947
4.00
Movies
Apr 23, 2010
2005 Oscar Nominees (All Categories)
930
4.00
Movies
Apr 26, 2010
Go to Creator's Profile
Score Distribution
Quiz Creator Spotlight
court4390
Follow
Send a Message
Quizzes Created
-
Created Quiz Play Count
-
More By This Creator
Popular Quizzes Today
1
Find the US States - No Outlines Minefield
2
Find the Countries of Europe - No Outlines Minefield
3
Find the US States
4
The Countries of the World
5
Risky Map Clicking: Biggest States A-Z
6
US States
7
Popular People in 1961
8
Movies - When Are They Set?
More Movies Quizzes
Higher or Lower: Horror Villains Kill Count
Curator's Pick
Trending Quizzes
Risky Map Clicking: Least Populous States A-Z
1-10 Letter G Words
Countries of the World: 200 Million BC
1-10 Letter F Words
Risky Map Clicking: Next State Alphabetically
Recently Updated
Rides in Walt Disney World
pecheneg
Most Oscar Losses (Acting)
pecheneg
Beyoncé Albums
pecheneg
Leaping Animals
pecheneg
Reality TV Shows (A-Z)
bhenderson79
Rickey Henderson's Hall of Fame Teammates
pecheneg
Champions League XIs: Arsenal
pecheneg
Quick Pick: Celebrities in WWE's Hall of Fame
aduchscher
A-Z Keypad Blitz II
pecheneg
Trending Topics
Crossword
Anime
Harry Potter
NBA
Marvel
Disney
Kpop
Soccer
WWE
Country
Puzzle
NFL
Song
The Office
Pokémon
Your Account Isn't Verified!
In order to create a playlist on Sporcle, you need to verify the email address you used during registration. Go to your
Sporcle Settings
to finish the process.
Report this User
Report this user for behavior that violates our
Community Guidelines
.
Details:
Send Report
Go to the Sporcle.com Mobile Site →
Comments